Alfabetización inicial: claves de acceso al aprendizaje de la lectura y la escritura desde los primeros meses de vida
Saved in:
| Main Authors: | , , |
|---|---|
| 格式: | 圖書 |
| 語言: | 西班牙语 |
| 出版: |
Santiago
Ediciones UC
2016
|
| 版: | 2a. ed |
| 主題: | |
| 標簽: |
添加標簽
沒有標簽, 成為第一個標記此記錄!
|
MARC
| LEADER | 00000cam a2200000 a 4500 | ||
|---|---|---|---|
| 001 | UCD6198 | ||
| 003 | CL-VaPUC | ||
| 008 | 161124e20160000cl |||||||||||||||||spa|d | ||
| 020 | |a 9789561419483 | ||
| 082 | 0 | 4 | |a 372.21 |b VIL |2 21 |
| 100 | 0 | |a Villalón B., Malva |e author |9 589916 | |
| 700 | 0 | |a Bedregal, Paula |e author |9 589917 | |
| 700 | 0 | |a Figueroa, Verónica |e author |9 589918 | |
| 245 | 1 | 0 | |a Alfabetización inicial: claves de acceso al aprendizaje de la lectura y la escritura desde los primeros meses de vida |
| 250 | |a 2a. ed | ||
| 300 | |a 287 p | ||
| 942 | |c BK | ||
| 945 | |d 20161124 22:47:00 |a dcastane | ||
| 260 | |a Santiago |b Ediciones UC |c 2016 | ||
| 500 | |a Incluye la Prueba de Alfabetización Inicial | ||
| 650 | 0 | |a Apresto lectoescritura |9 309297 | |
| 650 | 0 | |a Educación básica |9 224933 | |
| 650 | 0 | |a Métodos de enseñanza |9 270413 | |
| 650 | 0 | |a Enseñanza de la lectura |9 308364 | |
| 583 | |a last modification |c 20171005 05:22:09 |k Rodrigo Vera | ||
| 999 | |c 366563 |d 366561 | ||
| 952 | |0 0 |1 0 |3 erb |4 0 |6 372_210000000000000_VIL_2016 |7 0 |8 A |9 480851 |a BIBEDU |b BIBEDU |i 5350298 |o 372.21 VIL 2016 |p 5350298 |r 2019-11-24 |w 2019-11-24 |y BK |z Catalogado en:20161124 |k EBA | ||
| 952 | |0 0 |1 0 |3 erb |4 0 |6 372_210000000000000_VIL_2016 |7 0 |8 A |9 480852 |a BIBEDU |b BIBEDU |i 535028K |l 6 |o 372.21 VIL 2016 |p 535028K |r 2023-06-12 |s 2023-06-06 |w 2019-11-24 |y BK |z Catalogado en:20161124 |k EBA | ||
| 952 | |0 0 |1 0 |3 erb |4 0 |6 372_210000000000000_VIL_2016 |7 0 |8 A |9 480853 |a BIBEDU |b BIBEDU |i 5362385 |l 3 |o 372.21 VIL 2016 |p 5362385 |r 2023-06-27 |s 2023-06-20 |w 2019-11-24 |y BK |z Catalogado en:20170303 |k PAR | ||